Glossari de participació ciutadana
Descripción Física:
10 p. : 21 cm
Colección:
Quaderns de participació ciutadana
; 7
Materias:
Participació ciutadana
Idioma:
Catalán
MARC
| LEADER | 00000nam a22000007a 4500 | ||
|---|---|---|---|
| 008 | 220426s2019 spa||||| ||||s00| 0 cat c | ||
| 017 | |a DL B 27886-2019 | ||
| 080 | |a FU-68-7 | ||
| 245 | 0 | 0 | |a Glossari de participació ciutadana |
| 260 | |a Barcelona : |b Diputació de Barcelona. Àrea de Presidència, |c 2019 | ||
| 300 | |a 10 p. : |c 21 cm | ||
| 490 | 1 | |a Quaderns de participació ciutadana ; |v 7 | |
| 650 | 0 | |a Participació ciutadana |9 7371 | |
| 710 | |a Barcelona (Catalunya : Província). |b Servei d'Agenda 2030 i Participació |9 52276 | ||
| 830 | 0 | |9 56231 |a Quaderns de participació ciutadana |v 7 | |
| 942 | |2 udc |c ARXIU |n 1 | ||
| 952 | |0 0 |1 0 |4 0 |6 FU687 |7 1 |9 61376 |a Arxiu |b Arxiu |d 2022-04-26 |l 0 |o FU-68-7 |p 25302 |r 2022-04-26 00:00:00 |w 2022-04-26 |y ARXIU | ||
| 999 | |c 81332 |d 81332 | ||